00522 a2200157 450000100060000004000240000610000230003024000230005324500180007630000070009465000260010194200070012795201050013495201080023999900170034748048 cAnchieta - Aquarius aAlencar, José de10aCinco Minutoslpor10aCinco Minutos a38 4aLiteratura brasileira cBK 00104070a87.1b87.1d2023-11-21l0o869.93 ALE CINp7155/AQUr2023-11-21 15:14:58w2023-11-21yBK 00102ddc4070a57.2b57.2d2024-05-24l0pnt929r2024-05-24 08:50:25w2024-05-24yBKzEstante Verdeu c48048d48048